Nazioni che hanno partecipato al mondiale di calcio - Statistics

Statistiche generali
  • Questo quiz è stato fatto 200 volte
  • Il punteggio medio è 63 su 81
Statistiche sulle risposte
Posizione Partecipazioni Nazione % Corretto
1 22 Brasile
99%
4 18 Italia
99%
3 18 Argentina
98%
2 20 Germania
98%
6 16 Francia
97%
8 16 Spagna
96%
16 11 Unione sovietica/Russia
96%
65 1 Cina
94%
10 14 Uruguay
94%
28 7 Giappone
93%
7 16 Inghilterra
93%
24 8 Portogallo
93%
31 6 Australia
92%
55 2 Canada
92%
5 17 Messico
92%
11 12 Svezia
92%
12 12 Svizzera
92%
37 6 Marocco
91%
14 11 Olanda
91%
9 14 Belgio
90%
54 3 Sudafrica
90%
18 9 Cile
89%
13 11 Corea del sud
89%
34 6 Croazia
89%
15 11 Usa
89%
22 8 Austria
88%
48 3 Grecia
88%
20 9 Polonia
88%
62 2 Turchia
88%
80 1 Ucraina
88%
47 3 Egitto
87%
32 6 Colombia
86%
50 3 Irlanda
86%
35 6 Danimarca
85%
41 5 Serbia
84%
52 3 Norvegia
83%
60 2 Nuova Zelanda
83%
23 8 Paraguay
83%
29 7 Romania
83%
21 9 Ungheria
83%
53 3 Senegal
82%
56 2 Corea del nord
80%
36 6 Iran
80%
77 1 Slovacchia
80%
42 4 Algeria
79%
73 1 Iraq
78%
40 5 Perù
78%
30 6 Arabia saudita
77%
27 7 Camerun
77%
76 1 Qatar
77%
25 8 Scozia
77%
45 3 Bolivia
76%
26 7 Bulgaria
76%
58 2 Galles
76%
71 1 Islanda
76%
61 2 Slovenia
76%
64 1 Bosnia ed Erzegovina
75%
44 4 Ghana
74%
38 6 Nigeria
74%
43 4 Ecuador
73%
39 6 Tunisia
73%
46 3 Costa d'Avorio
72%
33 6 Costa rica
72%
72 1 Israele
71%
75 1 Panama
70%
66 1 Cuba
62%
51 3 Irlanda del nord
62%
68 1 Giamaica
61%
49 3 Honduras
60%
70 1 Indonesia
57%
59 2 Montenegro
55%
69 1 Haiti
52%
57 2 El Salvador
49%
17 9 Cecoslovacchia/Rep.ceca
45%
67 1 Emirati Arabi Uniti
45%
63 1 Angola
44%
19 9 Jugoslavia
40%
78 1 Togo
40%
79 1 Trinidad e Tobago
39%
74 1 Kuwait
37%
81 1 Zaire/R.D. Congo
25%
Nessun quiz corrispondente trovato
Distribuzione punteggi
Percentuale di utenti per punteggio
Percentile per numero di risposta
I tuoi punteggi nel tempo
Non hai fatto questo quiz